00868nam a2200241 i 45000010005000000030009000050050017000140080039000310150017000700400028000870410014001150800014001291000028001432450101001712600060002723000047003323800017003795040012003966500031004087100046004397000044004858560097005298839KOSZ 00520210208090348.0070708s1970 pl a f 001 0 pol aPB 1970/5695 aWA NcWA NdKOSZ 005/RW1 apolheng  a658.56:621 aHalpin, James F.eAutor10aZero defektów :bsystem pracy bezusterkowej /cJames F. Halpin ; [tł. z ang. Marian Feldman]. aWarszawa :bPaństwowe Wydawnictwo Ekonomiczne,c1970. a375, [1] s., [3] k. tabl. :bil. ;c23 cm. aKsiążki. aIndeks. 4aZarządzanie jakością2 aPaństwowe Wydawnictwo Ekonomiczne4pbl.1 aFeldman, Mariand(1922- )eTłumaczenie uhttp://koha.tu.koszalin.pl/cgi-bin/koha/opac-detail.pl?biblionumber=8839yKatalog online BPK